[Event "HCL-M905"]
[Site "www.playchess.de"]
[Date "2006.03.12"]
[Round "4"]
[White "ragno"]
[Black "Eishockeytorwart"]
[WhiteElo "2325"]
[BlackElo "1997"]
[PlyCount "29"]
[Result "1-0"]

1.e4 {Freundlicher Gruß von Italien. Gutes Spiel}  
e5 {ein hallo aus deutschland und eine schöne 
partie}  2.Nf3 Nc6 3.Bb5 a6 4.Bxc6 dxc6 5.O-O Bg4 
6.h3 Bxf3 7.Qxf3 Ne7 8.d3 Ng6 9.Be3 Be7 10.Nd2 O-O 
11.Qf5 Qc8 12.Rae1 Qxf5 13.exf5 Nh4 14.g4 Ng6 
15.fxg6 1-0

[Event "HCL-A2648"]
[Site "www.playchess.de"]
[Date "2006.03.12"]
[Round "9"]
[White "hal1958"]
[Black "shadow_cup"]
[WhiteElo "1398"]
[BlackElo "1413"]
[PlyCount "64"]
[Result "0-1"]

1.b4 {welcome to our new game}  Nc6 {Thanks. Have 
a good one :)}  2.b5 {another game were I'm going 
to hunt for the horse}  Ne5 3.Bb2 Ng6 {Let the 
trumpet blow ;)}  4.c4 e5 5.e3 c5 6.Nf3 f6 7.Be2 
b6 8.O-O Bb7 9.d3 d5 10.a4 Bd6 11.cxd5 Bxd5 12.e4 
Be6 13.Nbd2 Nh6 14.h3 O-O 15.Nc4 Qd7 16.Nfd2 f5 
17.Nxd6 Qxd6 18.exf5 Bxf5 19.Nc4 Qc7 20.Qc2 Rae8 
21.Bf3 Nh4 22.Qe2 Bxh3 23.Bd5+ Be6 24.Bxe5 Bxd5 
25.Qh5 Rxe5 26.Nxe5 N6f5 27.Nc4 Bxg2 28.Rfe1 Nd4 
29.Ne5 Qxe5 30.Rxe5 Ndf3+ 31.Qxf3 Nxf3+ 32.Kxg2 
Nxe5 0-1

[Event "HCL-B3897"]
[Site "www.playchess.de"]
[Date "2006.03.12"]
[Round "9"]
[White "ChessMonster"]
[Black "Ulpe"]
[WhiteElo "1178"]
[BlackElo "1619"]
[PlyCount "46"]
[Result "0-1"]

1.e4 c5 2.Nf3 d6 3.d4 cxd4 4.Nxd4 Nf6 5.Nc3 a6 
6.Bc4 e6 7.Qe2 Be7 8.Bg5 O-O 9.O-O-O Nxe4 10.Qxe4 
Bxg5+ 11.f4 d5 12.Nxd5 exd5 13.Bxd5 Bxf4+ 14.Qxf4 
Qxd5 15.Qe3 Qxa2 16.Rde1 Qa1+ 17.Kd2 Qxb2 18.Rhf1 
Nc6 19.Rxf7 Rxf7 20.Nf5 Bxf5 21.Qb3 {(offering 
draw)}  Rd8+ 22.Ke2 Qe5+ 23.Qe3 
Bg4+ 0-1

[Event "HCL-B3870"]
[Site "www.playchess.de"]
[Date "2006.03.12"]
[Round "6"]
[White "schachsky"]
[Black "axagom"]
[WhiteElo "1193"]
[BlackElo "1353"]
[PlyCount "28"]
[Result "0-1"]

1.e4 {Hello.have a nice game!}  e6 2.Nf3 d5 
{hi!and you too!!}  3.exd5 exd5 4.d4 Nf6 5.Nc3 Nc6 
6.Be2 Bg4 7.O-O Be7 8.Be3 O-O 9.Qd2 Re8 10.h3 Bh5 
{(offering draw)}  11.a3 {why?}  a6 12.b4 Na7 
13.Ne5 Bxe2 14.Qxe2 c6 0-1

[Event "HCL-E1545"]
[Site "www.playchess.de"]
[Date "2006.03.12"]
[Round "6"]
[White "yannick"]
[Black "Marius_sah"]
[WhiteElo "1584"]
[BlackElo "1683"]
[PlyCount "35"]
[Result "1-0"]

1.b4 e5 2.Bb2 f6 3.b5 d5 4.d4 Nd7 5.Nc3 Nb6 6.e4 
Bb4 7.dxe5 d4 8.Nf3 dxc3 9.Qxd8+ Kxd8 10.Bc1 Bg4 
11.Bf4 Bxf3 12.gxf3 fxe5 13.Bxe5 Nf6 14.O-O-O+ Kc8 
15.Rd3 Na4 16.Rd4 Ba3+ 17.Kb1 Nb6 
18.Bh3+ 1-0

[Event "HCL-B3833"]
[Site "www.playchess.de"]
[Date "2006.03.12"]
[Round "2"]
[White "GMO"]
[Black "schachsky"]
[WhiteElo "1316"]
[BlackElo "1192"]
[PlyCount "99"]
[Result "1-0"]

1.e4 e5 {Hello,have a nice game!}  2.Bc4 
{Thanks...}  Nf6 3.d3 c6 4.a3 d5 5.exd5 cxd5 6.Bb3 
Nc6 7.h3 a6 8.Ne2 Be7 9.O-O O-O 10.Bd2 d4 11.c3 b5 
12.Ng3 a5 13.Bg5 Nd5 14.Bxd5 Qxd5 15.Bxe7 Nxe7 
16.Qe2 Nc6 17.Rc1 a4 18.Nd2 f5 19.c4 bxc4 20.dxc4 
Qc5 21.b4 axb3 22.Nxb3 Qb6 23.Rcb1 Qc7 24.Nc5 Na5 
25.Nd3 Nxc4 26.Rbc1 Ba6 27.Qc2 e4 28.Nb2 d3 29.Qc3 
Rfc8 30.Nxf5 Qe5 31.Qxe5 Nxe5 32.Rxc8+ Rxc8 
33.Ne7+ {Sorry, sorry, sorry, my friend!}  Kf7 
{Yes, I realized when I entered; but I couldn't 
redo my move -:)
I've to learn to count to 10, not only behind the 
board, but also in internet .... -:)  

}  34.Nxc8 Bxc8 35.Rc1 Be6 36.a4 Nd7 37.Kf1 Nb8 
38.a5 Na6 39.Ke1 Nb4 40.Kd2 Kf6 41.Nc4 g5 42.Nd6 
Ke5 43.Nb7 Kd4 44.Nc5 Bc4 45.Nd7 Bb3 46.Rb1 Kc4 
{oopsy, tentei muitíssimo -:)}  47.Nf6 {Sem 
vergonha...}  Bc2 48.Rb2 h6 49.Nxe4 Kb5 
50.a6 1-0

[Event "HCL-B3917"]
[Site "www.playchess.de"]
[Date "2006.03.12"]
[Round "1"]
[White "Kold_Blooded_Ken"]
[Black "nichju"]
[WhiteElo "1354"]
[BlackElo "1037"]
[PlyCount "46"]
[Result "0-1"]

1.e4 e5 2.Nf3 d6 3.Bc4 Be6 4.Bxe6 fxe6 5.d4 exd4 
6.Qxd4 Nc6 7.Qa4 Nf6 8.Nc3 d5 9.Bg5 dxe4 10.Nxe4 
Be7 11.O-O O-O 12.Rad1 Qe8 13.Qb3 Nxe4 14.Qxe6+ 
Qf7 15.Qxe4 Rae8 16.Be3 Bd6 17.Qd3 Qh5 18.h3 Ne5 
19.Qd5+ Kh8 20.Ng5 h6 21.Ne6 Nf3+ 22.Qxf3 Rxf3 
23.gxf3 Qg6+ 0-1

[Event "HCL-M817"]
[Site "www.playchess.de"]
[Date "2006.03.12"]
[Round "35"]
[White "BDG_Girl"]
[Black "mpreuss"]
[WhiteElo "2031"]
[BlackElo "1966"]
[PlyCount "87"]
[Result "1-0"]

1.d4 {Hello again and good luck!}  e5 {Hi and good 
luck to you too !}  2.dxe5 Nc6 3.Nf3 Qe7 4.Bg5 
Qb4+ 5.Nc3 Qxb2 6.Bd2 Bb4 7.Rb1 Qa3 8.Nd5 Ba5 
9.Rb5 Bxd2+ 10.Qxd2 Kd8 11.c4 a6 12.Ng5 Qf8 13.Qf4 
Nh6 14.Rb3 Qc5 15.Ne4 Qd4 16.Qg5+ f6 17.exf6 Qa1+ 
18.Kd2 Nf7 19.Qg3 Qxa2+ 20.Kc1 Nd4 21.Qxc7+ Ke8 
22.Rc3 Qa1+ 23.Kd2 Qb2+ 24.Kd3 Nf5 25.fxg7 Qb1+ 
26.Kd2 Qb2+ 27.Kd1 Qa1+ 28.Rc1 Qd4+ 29.Ke1 Qxg7 
30.Qf4 Kf8 31.Nb6 Qd4 32.Nxa8 N5d6 33.f3 Nxe4 
34.Qxe4 Qxe4 35.fxe4 Ng5 36.Nb6 Ke7 37.c5 Nxe4 
38.Rc4 Ng5 39.g3 Ne6 40.Bg2 h6 41.Rf1 Kd8 42.Bd5 
Kc7 43.Rf6 h5 44.Bxe6 1-0

[Event "HCL-E1569"]
[Site "www.playchess.de"]
[Date "2006.03.12"]
[Round "20"]
[White "Marius_sah"]
[Black "Wernswig"]
[WhiteElo "1596"]
[BlackElo "1372"]
[PlyCount "20"]
[Result "0-1"]

1.e4 {Hi. Good luck!}  e5 {hello, good luck to you 
too}  2.Nf3 Nc6 3.Bb5 d6 4.d4 exd4 5.Nxd4 Bd7 
6.O-O Be7 7.Nc3 Bg5 8.Bxg5 Qxg5 9.Nd5 Rc8 10.f4 
Qg6 0-1

[Event "HCL-E1577"]
[Site "www.playchess.de"]
[Date "2006.03.12"]
[Round "2"]
[White "yannick"]
[Black "tuGGy"]
[WhiteElo "1558"]
[BlackElo "1524"]
[PlyCount "72"]
[Result "0-1"]

1.g4 {hi,good tournament}  d5 2.Bg2 e5 3.c4 dxc4 
4.Qa4+ Bd7 5.Qxc4 Bc6 6.Bxc6+ Nxc6 7.Qb5 Bd6 
8.Qxb7 Nd4 9.Kf1 Ne7 10.Nc3 O-O 11.Nf3 f5 12.gxf5 
Nexf5 13.Qd5+ Kh8 14.Nxe5 Qe7 15.Nd3 Rae8 16.e4 
Nc2 17.Rb1 Nfd4 18.Qh5 g6 19.Qh6 Nf3 20.b3 Qg7 
21.Qxg7+ Kxg7 22.Rb2 Ncd4 23.Kg2 g5 24.Ne1 Nxh2 
25.f4 Bxf4 26.Nd3 Ng4 27.Nxf4 gxf4 28.Rg1 h5 29.d3 
f3+ 30.Kf1 c6 31.Be3 Red8 32.Rf2 Kh7 33.Bxd4 Rxd4 
34.Rd2 Rfd8 35.a3 R4xd3 36.Rxd3 
Rxd3 0-1

[Event "HCL-E1545"]
[Site "www.playchess.de"]
[Date "2006.03.12"]
[Round "5"]
[White "Marius_sah"]
[Black "Eishockeytorwart"]
[WhiteElo "1683"]
[BlackElo "1949"]
[PlyCount "24"]
[Result "0-1"]

1.e4 {Hi. Good luck!}  e5 {welcome from germany}  
2.Nf3 {Hi. Good luck!}  Nc6 3.Bb5 a6 4.Ba4 b5 
5.Bb3 Nf6 6.O-O Be7 7.Re1 d6 8.c3 Bg4 9.h3 Bh5 
10.d3 O-O 11.Nbd2 Na5 12.Bc2 Nc6 0-1

[Event "HCL-E1545"]
[Site "www.playchess.de"]
[Date "2006.03.12"]
[Round "14"]
[White "kaktus35"]
[Black "Marius_sah"]
[WhiteElo "1736"]
[BlackElo "1683"]
[PlyCount "31"]
[Result "1-0"]

1.d4 {greetings from germany and good luck}  d5 
{Hi. Good luck!}  2.c4 {thank you
}  c6 3.Nc3 Nf6 4.Nf3 Bf5 5.Qb3 Qb6 6.Qxb6 axb6 
7.cxd5 cxd5 8.Bf4 Nc6 9.a3 e6 10.Nb5 Kd7 11.e3 Nb4 
12.Rc1 Nc6 13.Be2 Nh5 14.Ne5+ Nxe5 15.Bxe5 Nf6 
16.Rc7+ 1-0

[Event "HCL-C4140"]
[Site "www.playchess.de"]
[Date "2006.03.12"]
[Round "5"]
[White "tomboy"]
[Black "speedwin"]
[WhiteElo "800"]
[BlackElo "800"]
[PlyCount "21"]
[Result "1-0"]

1.d4 {hello and good luck}  d5 2.Nc3 {thank for 
waiting}  e6 3.e3 {that all right}  Bb4 4.Bb5+ {hi 
and good luck}  c6 5.Nf3 {you playing well}  Bxc3+ 
6.bxc3 {you do keep up dated}  Qa5 7.Qe2 {there 
you go}  Qxc3+ 8.Qd2 Qxa1 9.Ba4 Qxa2 10.Bb3 Qa6 
11.Rf1 1-0

[Event "HCL-A2545"]
[Site "www.playchess.de"]
[Date "2006.03.12"]
[Round "4"]
[White "hajken"]
[Black "Smallville2006"]
[WhiteElo "1900"]
[BlackElo "1700"]
[PlyCount "41"]
[Result "1-0"]

1.d4 d5 {HI!....Good Luck....}  2.c4 e6 3.Nf3 a6 
4.cxd5 exd5 5.Nc3 Be7 6.Bf4 Nf6 7.e3 O-O 8.Bd3 
Nbd7 9.Rc1 c5 10.dxc5 Nxc5 11.Bb1 Bg4 12.h3 Bxf3 
13.Qxf3 Nce4 14.a3 Rc8 15.Be5 Re8 16.Bd4 Qa5 
17.Bxe4 dxe4 18.Qg3 Rc6 19.O-O Bd6 20.Qh4 g5 
21.b4 1-0

[Event "HCL-E1558"]
[Site "www.playchess.de"]
[Date "2006.03.12"]
[Round "5"]
[White "Emerson"]
[Black "Tassiac"]
[WhiteElo "1797"]
[BlackElo "1560"]
[PlyCount "43"]
[Result "1-0"]

1.d4 {welcome and good luck!}  d5 {thanks and 
you..}  2.e3 Nf6 3.Bd3 e6 4.Nd2 c5 5.c3 Nc6 6.f4 
Be7 7.Qf3 O-O 8.Nh3 a6 9.O-O cxd4 10.exd4 b5 11.g4 
Bb7 12.g5 Nd7 13.Qg4 Rc8 14.a3 Re8 15.Rf3 Nf8 
16.Nf2 Na5 17.Rh3 g6 18.Nf3 Nc4 19.Qg3 Bd6 20.Ng4 
Kg7 21.Qh4 Rc7 22.Qh6+ 1-0

[Event "HCL-B3775"]
[Site "www.playchess.de"]
[Date "2006.03.12"]
[Round "7"]
[White "coca"]
[Black "ama49"]
[WhiteElo "1167"]
[BlackElo "1192"]
[PlyCount "139"]
[Result "1/2-1/2"]

1.d4 Nf6 {Hello again}  2.Bg5 {hi gl again}  d5 
3.Nc3 Nbd7 4.Nf3 e6 5.e3 Be7 6.Bb5 c6 7.Bxf6 Bxf6 
8.Bd3 O-O 9.Qe2 h6 10.O-O c5 11.dxc5 Nxc5 12.Rad1 
Nxd3 13.Qxd3 b6 14.a3 a5 15.Rfe1 Bb7 16.h3 Ba6 
17.Qd2 Bb7 18.a4 Rc8 19.Nb5 Bxb2 20.Rdb1 Bf6 
21.Nh2 Rc4 22.Ng4 Ba6 23.Nxf6+ Qxf6 24.Nd6 Rc6 
25.Nb5 Bxb5 26.Rxb5 Rfc8 27.Rc1 Qf5 28.c3 Qe4 
29.f3 Qc4 30.h4 Qxa4 31.Rcb1 Rb8 32.g3 Qc4 33.R5b3 
b5 34.Kf2 a4 35.Ra3 e5 36.g4 g5 37.Rb4 Qc5 38.hxg5 
hxg5 39.Kg3 Qd6 40.e4 dxe4 41.Qxg5+ Kf8 42.Qe3 
exf3 43.Kxf3 Qf6+ 44.Kg3 Rcb6 45.Re4 Re6 46.g5 Qg7 
47.Kg4 f5+ 48.Kxf5 Qg6+ 49.Kg4 Kg7 50.Rxe5 Rxe5 
51.Qxe5+ Kh7 52.Qc7+ Qg7 53.Qxb8 Qd7+ 54.Kh4 Qd3 
55.Qc7+ Kg6 56.Qc6+ Kf5 57.Qc5+ Kg6 58.c4 Qe4+ 
59.Kg3 Qe1+ 60.Qf2 Qe5+ 61.Qf4 Qe1+ 62.Kg2 Qe2+ 
63.Kg3 Qe1+ 64.Qf2 Qe5+ 65.Kh4 Qh8+ 66.Kg3 Qe5+ 
67.Qf4 Qe1+ {(offering draw)}  68.Kg4 Qg1+ 69.Kh3 
Qh1+ {(offering draw)}  70.Qh2 {(offering draw)} 
 1/2-1/2

[Event "ACL-E202"]
[Site "www.playchess.de"]
[Date "2006.03.12"]
[Round "17"]
[White "ZinTho"]
[Black "leobor"]
[WhiteElo "1998"]
[BlackElo "1888"]
[PlyCount "86"]
[Result "1/2-1/2"]

1.d4 {Hello from Germering, a small town near 
Munich, Germany. Hoping for a nice game. Thomas}  
Nf6 {Hello from Riga.Leonids}  2.c4 e6 3.Nc3 Bb4 
4.e3 c5 5.Nge2 cxd4 6.exd4 d5 7.c5 Ne4 8.Bd2 Nxd2 
9.Qxd2 a5 10.a3 Bxc3 11.Nxc3 a4 12.Bd3 b6 13.O-O 
bxc5 14.dxc5 Bd7 15.Rfe1 O-O 16.Re3 Qc7 17.Rh3 f5 
18.g4 d4 19.Ne2 Qxc5 20.gxf5 exf5 21.Rc1 Qd6 
22.Nxd4 Kh8 23.Nf3 h6 24.Qc3 f4 25.Rh4 Nc6 26.Bc2 
Rf6 27.Rd1 Qe7 28.Rd5 Be8 29.Rf5 Rxf5 30.Bxf5 Qd6 
31.Bc2 Ra5 32.Qd3 Qxd3 33.Bxd3 g5 34.Rxh6+ Kg7 
35.Rh7+ Kg8 36.Rb7 g4 37.Nd2 Ne5 38.Be4 Rc5 39.Kg2 
Bd7 40.b4 axb3 41.Nxb3 Rc3 42.Ra7 Kg7 43.Nd4 Kf6 
{(offering draw)}  1/2-1/2

[Event "HCL-T266"]
[Site "www.playchess.de"]
[Date "2006.03.12"]
[Round "3"]
[White "Idris"]
[Black "pruliere"]
[WhiteElo "844"]
[BlackElo "1830"]
[PlyCount "64"]
[Result "0-1"]

1.e4 e6 2.d4 d5 3.Nc3 Bb4 4.e5 c5 5.Bd2 Nc6 6.Bb5 
Qb6 7.Bxc6+ bxc6 8.Na4 Bxd2+ 9.Qxd2 Qb5 10.Nxc5 
Qxb2 11.Nb3 Rb8 12.Ne2 Rxb3 13.O-O Rb6 14.Nc3 Qa3 
15.Ne2 f6 16.exf6 Nxf6 17.Nf4 O-O 18.Qe2 Ba6 
19.Nd3 Re8 20.f4 Bxd3 21.cxd3 Qc3 22.Rac1 Qxd4+ 
23.Rf2 e5 24.fxe5 Qxe5 25.Re1 Qb8 26.Qd1 Rxe1+ 
27.Qxe1 Rb1 28.Qxb1 Qxb1+ 29.Rf1 Qxd3 30.a4 Qa3 
31.g3 Qxa4 32.Rc1 Qd4+ 0-1

[Event "ACL-A665"]
[Site "www.playchess.de"]
[Date "2006.03.12"]
[Round "6"]
[White "pgschumy"]
[Black "vilag"]
[WhiteElo "1561"]
[BlackElo "1500"]
[PlyCount "45"]
[Result "1/2-1/2"]

1.e4 {Hi! From Bucharest! GG}  e6 2.d4 d5 3.exd5 
exd5 4.Nf3 Bd6 5.Nc3 c6 6.Be2 Nf6 7.O-O O-O 8.Bg5 
Nbd7 9.Re1 h6 10.Bxf6 Nxf6 11.a3 a5 12.h3 Bf5 
13.Nh4 Bh7 14.Bd3 Qd7 15.Bxh7+ Nxh7 16.Qd3 Rae8 
{Hello from Austria, sorry I didn#T look into the 
history (of moves)}  17.Nf5 {No problem...}  Ng5 
18.Nxd6 Qxd6 19.Re3 Re7 20.Rae1 Rfe8 21.R3xe7 Rxe7 
22.Rxe7 Qxe7 23.Ne2 {(offering draw)} 
 1/2-1/2

[Event "HCL-M844"]
[Site "www.playchess.de"]
[Date "2006.03.12"]
[Round "8"]
[White "Munny"]
[Black "edmonte"]
[WhiteElo "1767"]
[BlackElo "2158"]
[PlyCount "35"]
[Result "1-0"]

1.e4 {Hello and good luck!}  e5 2.Nf3 Qe7 3.Bc4 
Nf6 4.O-O g6 5.Nc3 Bg7 6.d3 c6 7.Re1 O-O 8.Bg5 b5 
9.Bb3 d6 10.Qd2 Bg4 11.Qe3 a5 12.a4 b4 13.Ne2 Qa7 
14.Qd2 Bxf3 15.gxf3 Qd7 16.Ng3 Na6 17.Kg2 Nc5 
18.Bc4 1-0

[Event "HCL-B3938"]
[Site "www.playchess.de"]
[Date "2006.03.12"]
[Round "3"]
[White "Mongol"]
[Black "chn"]
[WhiteElo "1334"]
[BlackElo "1201"]
[PlyCount "122"]
[Result "1-0"]

1.e4 e5 2.Nf3 Nc6 3.Bc4 Qf6 4.d3 h6 5.Nc3 Nd4 
6.Nxd4 exd4 7.Nd5 Qd8 8.Qf3 Nf6 9.e5 Nxd5 10.Bxd5 
Qe7 11.O-O c6 12.Bb3 Qxe5 13.Bf4 Qa5 14.Rfe1+ Kd8 
15.Bxf7 d6 16.Re8+ Kc7 17.Rae1 Bd7 18.R1e2 Bxe8 
19.Bd2 Qb5 20.Bxe8 d5 21.b3 Bd6 22.Qf7+ Kb6 23.a4 
Qc5 24.a5+ Ka6 25.Be1 Rf8 26.Qd7 Rb8 27.b4 Qb5 
28.Bg6 Rbd8 29.Qg4 Rf4 30.Qe6 Rf6 31.Qg4 Rdf8 
32.c4 dxc4 33.Bh7 cxd3 34.Rd2 c5 35.bxc5 Qxc5 
36.Bxd3+ b5 37.axb6+ Kxb6 38.Rb2+ Kc6 39.Rc2 Re8 
40.Rxc5+ Kxc5 41.Qd1 Kd5 42.Bc3 Ke6 43.Bc4+ Ke7 
44.Bxd4 Rf5 45.Qe2+ Kd8 46.Qd2 Rh5 47.g3 Re7 
48.Bxg7 Rxg7 49.Qxd6+ Rd7 50.Qf6+ Kc7 51.Bb5 Rxb5 
52.Qf4+ Rd6 53.Qf7+ Kb6 54.Qe8 h5 55.Qb8+ Kc5 
56.Qxa7+ Rbb6 57.Qc7+ Kb5 58.Qe7 Ka6 59.Qe2+ Rb5 
60.Qa2+ Kb6 61.Qa3 h4 1-0

[Event "HCL-A2505"]
[Site "www.playchess.de"]
[Date "2006.03.12"]
[Round "31"]
[White "Genesio"]
[Black "saemi"]
[WhiteElo "1065"]
[BlackElo "1661"]
[PlyCount "89"]
[Result "0-1"]

1.e4 {Welcome!}  e5 {Hello from Iceland}  2.Nf3 
Nc6 3.c3 Nf6 4.Bb5 a6 5.Ba4 Nxe4 6.O-O d6 7.d3 Nf6 
8.Bg5 Be7 9.Nbd2 b5 10.Bb3 Na5 11.Bc2 c5 12.b4 
cxb4 13.cxb4 Nc6 14.a3 Nd5 15.Bxe7 Qxe7 16.Re1 O-O 
17.Ne4 Nd4 18.Nxd4 exd4 19.Qf3 Qh4 20.Qg3 Qxg3 
21.Nxg3 Bb7 22.Ne4 Rfd8 23.Bb3 Nc3 24.Nxc3 dxc3 
25.Re7 Bc6 26.Bxf7+ Kf8 27.Rae1 Rd7 28.Rxd7 Bxd7 
29.Bd5 Re8 30.Rxe8+ Bxe8 31.Bb3 d5 32.Kf1 d4 
33.Ke1 Ke7 34.Ke2 Bh5+ 35.f3 Kd6 36.Bc2 g5 37.h3 
h6 38.g4 Be8 39.Kf2 {(offering draw)}  Ke5 {I want 
to try a little more}  40.Kg3 {for me is draw...}  
Bc6 41.Bb3 {(offering draw)}  Bd5 42.Bc2 Ba2 
43.Kf2 {(offering draw)}  Kf4 44.a4 Bd5 
45.a5 0-1

[Event "HCL-E1546"]
[Site "www.playchess.de"]
[Date "2006.03.12"]
[Round "23"]
[White "Marius_sah"]
[Black "Eishockeytorwart"]
[WhiteElo "1683"]
[BlackElo "1949"]
[PlyCount "24"]
[Result "0-1"]

1.e4 {Hi. Good luck!}  e5 {welcome back}  2.Nf3 
Nc6 3.Bb5 a6 4.Ba4 Nf6 5.O-O Be7 6.Re1 b5 7.Bb3 
O-O 8.c3 d6 9.h3 Na5 10.Bc2 c5 11.d4 Nc6 12.d5 
Na5 0-1

[Event "HCL-C4101"]
[Site "www.playchess.de"]
[Date "2006.03.12"]
[Round "1"]
[White "Sturzel"]
[Black "Boehm"]
[WhiteElo "800"]
[BlackElo "800"]
[PlyCount "30"]
[Result "0-1"]

1.d4 e6 2.e4 d5 3.Nc3 Nf6 4.Bg5 Be7 5.e5 Nfd7 6.h4 
c5 7.Bxe7 Kxe7 8.dxc5 Nxe5 9.Qe2 Nec6 10.O-O-O Kf8 
11.h5 h6 12.f4 Nd7 13.Nf3 Qa5 14.g4 Nxc5 15.Kb1 
Bd7 0-1

[Event "HCL-M817"]
[Site "www.playchess.de"]
[Date "2006.03.12"]
[Round "20"]
[White "mpreuss"]
[Black "Cramneck"]
[WhiteElo "1966"]
[BlackElo "1898"]
[PlyCount "93"]
[Result "1/2-1/2"]

1.f4 g6 {Hi from England.}  2.Nf3 Bg7 3.e3 c5 
4.Be2 Nf6 5.O-O O-O 6.d3 d5 7.Qe1 Nc6 8.Qh4 b6 
9.Nc3 d4 10.Ne4 dxe3 11.Bxe3 Nd4 12.Bxd4 cxd4 
13.Nxf6+ Bxf6 14.Ng5 Bxg5 15.Qxg5 e6 16.Bf3 Qxg5 
17.fxg5 Rb8 18.Rae1 Bb7 19.h4 Bxf3 20.gxf3 Rbc8 
21.Rf2 Rc5 22.Re4 Rfc8 23.Rxd4 R5xc2 24.Rd7 R2c7 
25.Rxc7 Rxc7 26.Kg2 Rd7 27.Rd2 Rd4 28.Kg3 Kg7 
29.f4 f5 30.Kf3 Kf7 31.Ke3 e5 32.Rc2 Rxf4 33.Rc7+ 
Ke6 34.Rxh7 Ra4 35.a3 f4+ 36.Ke2 Kf5 37.Kf3 Rd4 
38.Rf7+ Ke6 39.Rf6+ Kd5 40.Ke2 f3+ 41.Ke3 Rxh4 
42.Rxg6 Rf4 43.Rf6 Rxf6 44.gxf6 Ke6 45.Kxf3 Kxf6 
46.Ke4 Ke6 47.b3 {(offering draw)} 
 1/2-1/2

[Event "HCL-M841"]
[Site "www.playchess.de"]
[Date "2006.03.12"]
[Round "15"]
[White "temple"]
[Black "mige"]
[WhiteElo "1794"]
[BlackElo "1789"]
[PlyCount "99"]
[Result "1/2-1/2"]

1.d4 {Hello from Canada,good luck.}  d5 2.c4 c6 
3.e3 Nf6 4.Nc3 e6 5.Nf3 Bd6 6.Bd3 dxc4 7.Bxc4 O-O 
8.O-O Nbd7 9.h3 b5 10.Bd3 Bb7 11.a3 a5 12.b3 Qc7 
13.Bb2 Nb6 14.Rc1 Qe7 15.a4 b4 16.Ne4 Nxe4 17.Bxe4 
Rac8 18.Nd2 f5 19.Bf3 Ba6 20.Re1 c5 21.Nf1 Bxf1 
22.Rxf1 c4 23.bxc4 Nxc4 24.Ba1 Rc7 25.Be2 Rfc8 
26.Bd3 Nb6 27.Rxc7 Qxc7 28.Qb3 Nd5 29.e4 fxe4 
30.Bxe4 Qc4 31.Qb1 Nf6 32.Bd3 Qd5 33.Rc1 Rxc1+ 
34.Qxc1 Qa2 35.Bc4 Qxa4 36.Bxe6+ Kf8 37.d5 Ke7 
38.g3 Qa2 39.Bxf6+ Kxf6 40.Qe3 Qa1+ 41.Kg2 Qc3 
42.Qa7 Bc7 43.Qa6 Qe5 44.Qd3 g6 45.Qf3+ Kg7 
46.Qf7+ Kh6 47.Qf8+ Qg7 48.Qc5 Qc3 49.Qf8+ Qg7 
50.Qc5 {(offering draw)}  1/2-1/2

[Event "HCL-B3879"]
[Site "www.playchess.de"]
[Date "2006.03.12"]
[Round "13"]
[White "jefersonmello"]
[Black "xmen"]
[WhiteElo "1179"]
[BlackElo "1433"]
[PlyCount "45"]
[Result "1-0"]

1.e4 {Good game. from Rio de Janeiro}  g6 {Hello!} 
 2.Nf3 Bg7 3.Bc4 d6 4.Nc3 Nf6 5.d3 O-O 6.O-O Bg4 
7.h3 Bxf3 8.Qxf3 c6 9.Bg5 Nbd7 10.d4 b5 11.Bb3 Qb6 
12.Rad1 a5 13.a3 e6 14.Rfe1 Ne8 15.Be7 Nc7 16.Bxf8 
Rxf8 17.e5 d5 18.Ne2 Ne8 19.c3 Qd8 20.Bc2 f6 
21.exf6 Ndxf6 22.Qe3 Qe7 23.Nf4 1-0

[Event "HCL-B3862"]
[Site "www.playchess.de"]
[Date "2006.03.12"]
[Round "9"]
[White "Gilt"]
[Black "matthew"]
[WhiteElo "1335"]
[BlackElo "1314"]
[PlyCount "77"]
[Result "1-0"]

1.e4 {Hi there.}  c5 {hello}  2.Nf3 Nc6 3.d4 cxd4 
4.Nxd4 e6 5.Nc3 Bc5 6.Be3 Nxd4 7.Bxd4 Bf8 8.Qg4 
Nf6 9.Qf4 Be7 10.Bd3 b6 11.Nb5 O-O 12.e5 Nd5 
13.Qe4 g6 14.c4 Nb4 15.Qxa8 Nxd3+ 16.Kd2 Nb4 
17.Qxa7 Nc6 18.Qxb6 Qxb6 19.Bxb6 Nxe5 20.c5 Ba6 
21.a4 Rc8 22.Rhc1 Ng4 23.h3 Nxf2 24.Ke3 Bh4 
25.Rcf1 Nxh3 26.gxh3 Bg5+ 27.Ke4 f5+ 28.Ke5 Be3 
29.Kd6 Bb7 30.Na7 Rf8 31.Kxd7 Rf7+ 32.Kxe6 Bg5 
33.c6 Ba8 34.c7 Re7+ 35.Kd6 Bb7 36.Rae1 Rxe1 
37.Rxe1 Kf7 38.c8Q Bxc8 39.Nxc8 1-0

[Event "HCL-A2590"]
[Site "www.playchess.de"]
[Date "2006.03.12"]
[Round "21"]
[White "lunchpail"]
[Black "Jule"]
[WhiteElo "1396"]
[BlackElo "1362"]
[PlyCount "77"]
[Result "1-0"]

1.f4 d5 2.b3 Nf6 3.Bb2 Bf5 4.e3 e6 5.Nf3 Nbd7 
6.Bb5 c6 7.Bd3 Bg4 8.O-O Bc5 9.h3 Bh5 10.g4 Bg6 
11.Kh2 Qe7 12.a4 O-O-O 13.Qe2 h5 14.g5 Ne8 15.h4 
Bxd3 16.cxd3 Bd6 17.Nc3 f6 18.a5 a6 19.Kh3 fxg5 
20.fxg5 e5 21.Rac1 Qe6+ 22.Kg2 e4 23.Nd4 Qe5 
24.Rf4 Rf8 25.Rcf1 Rxf4 26.Rxf4 g6 27.Na4 Qe7 
28.Rf2 c5 29.Nc2 Ne5 30.Bxe5 Qxe5 31.Rf4 Kb8 32.d4 
cxd4 33.Nxd4 Ng7 34.Nb6 Bc5 35.Qxa6 {i sure hope 
this works!   :-0}  Bxd4 {a move with a lot of 
habilidad}  36.Qa8+ {what is habilidad?}  Kc7 
{Now, I have commended the move of your queen to 
a6. I ´m believing that axectly this move was very 
good. And I ´m believing wheather that you had a 
good idea to select this move. That can be the 
since of habilidad too.}  37.Rf7+ {thank you for 
the kind words! you are truly a gentleman. but 
what is the meaning of the word habilidad?}  Kc6 
{The error was my, because I have traslated skill 
in the spanish language. So it is clear what I 
have meant. So I can only citate in Latin: errare 
humanum est. Or not?}  38.Qxb7+ {i am sorry, my 
friend, but i do not know spanish or latin. but i 
do enjoy your friendship and this game.}  Kb5 {All 
right, o.k. Than let translate me the latin citate 
in english: erring is human. How I can see, I ´ll 
loose my queen next move. Forever it had lasted a 
little bit longer}  39.Nd7+ 1-0